|
|
|
|
| LEADER |
00651nam a22001932a 4500 |
| 001 |
001828518 |
| 003 |
CZ BrMZK |
| 005 |
20220711121033.0 |
| 007 |
ta |
| 008 |
220711s1946 ru er|||||||||||rus d |
| 040 |
|
|
|a BOA001
|b cze
|e aacr2
|
| 100 |
1 |
|
|a Jegolin, Aleksandr Michajlovič,
|d 1896-1959
|7 jx20050909001
|4 aut
|
| 245 |
1 |
0 |
|a Osvoboditel‘nyje i patriotičeskije ideji russkoj literatury XIX. veka /
|c A.M. Jegolin
|
| 260 |
|
|
|a Leningrad :
|b Sovetskij pisatel‘,
|c 1946
|
| 300 |
|
|
|a 411 s.
|
| 910 |
|
|
|a BOA001
|b 2-0238.049
|
| 990 |
|
|
|a BK
|
| 991 |
|
|
|b 202206
|
| 996 |
7 |
|
|b 2618738209
|c 2-0238.049
|l MZK
|r Sklad / do 24 hodin
|n 0
|w 001893152
|u 000010
|a 1
|e BOA001
|j MZK50
|s A
|